Malaysia International Gourmet Festival 2013 : festival preview.
| Format: | Book |
|---|---|
| Published: |
Kuala Lumpur:
Asia Reach Media,
2013.
|
| Subjects: |
| LEADER | 00448cam a2200133 7i4500 | ||
|---|---|---|---|
| 001 | 0000031850 | ||
| 005 | 20141121090000.0 | ||
| 090 | 0 | 0 | |a M 641.514025 |b MAL |
| 245 | 0 | 0 | |a Malaysia International Gourmet Festival 2013 : |b festival preview. |
| 260 | 0 | 0 | |a Kuala Lumpur: |b Asia Reach Media, |c 2013. |
| 300 | # | # | |a 181 p. |
| 650 | 0 | 0 | |a Cooking -- |z Malaysia |
| 650 | 0 | 0 | |a Gourmet food industry -- |z Malaysia |
| 999 | |a 0000034771 |b Directories |c Malaysia |e Business Information Centre | ||